000
00314nam a2200121Ia 4500
005
20260328104315.0
008
260328s9999||||xx |||||||||||||| ||und||
100
_a
De Carlo, Giancarlo
245
0
_a
Architettura Citta Universitá /
_c
Giancarlo De Carlo
260
_b
Alinea
650
_a
ARQUITECTURA
942
_c
BK
999
_c
11129
_d
11129